[Event "Olympiad-43"]
[Site "Batumi"]
[Date "2018.10.05"]
[Round "11.1"]
[White "Giron, Jorge Ernesto"]
[Black "Atabayev, Maksat"]
[Result "0-1"]
[WhiteElo "2303"]
[BlackElo "2505"]
[PlyCount "136"]
[EventDate "2018.09.24"]
[EventType "team-swiss"]
[EventRounds "11"]
[EventCountry "GEO"]
[SourceTitle "CBM 187"]
[Source "ChessBase"]
[SourceDate "2018.12.11"]
[SourceVersion "1"]
[SourceVersionDate "2018.12.11"]
[SourceQuality "1"]
[WhiteTeam "El Salvador"]
[BlackTeam "Turkmenistan"]
[WhiteTeamCountry "ESA"]
[BlackTeamCountry "TKM"]

1. e4 c5 2. Nf3 d6 3. d4 cxd4 4. Nxd4 Nf6 5. Nc3 Nc6 6. Bg5 Bd7 7. Qd2 Rc8 8. f4 Nxd4 9. Qxd4 Qa5 10. e5 dxe5 11. fxe5 e6 12. Bxf6 gxf6 13. 0-0-0 Bc6 14. exf6 Rg8 15. Be2 Rd8 16. Qc4 Rxg2 17. Kb1 Bd6 18. Rhg1 Rg6 19. Qh4 Bf8 20. Bd3 Rxg1 21. Rxg1 Qe5 22. Qxh7 Qxf6 23. Rf1 Qg7 24. Qh5 Rd7 25. Ne4 Be7 26. Nc5 Rd6 27. a3 Bf6 28. Ne4 Bxe4 29. Bxe4 Rb6 30. b4 Qg5 31. Qxg5 Bxg5 32. Ka2 f5 33. Bg2 Ke7 34. Kb3 Bf6 35. c3 Kd7 36. Kc4 Kc7 37. Rd1 Ra6 38. Kb3 b5 39. Bf1 Rc6 40. c4 bxc4+ 41. Bxc4 e5 42. Bd5 Rd6 43. Kc4 Be7 44. Rf1 Rf6 45. h4 Kd6 46. h5 e4 47. h6 Ke5 48. Rh1 Rf8 49. Bb7 Rb8 50. h7 Bf6 51. Bc6 Rd8 52. Re1 Rd3 53. a4 Kd6 54. Kb5 Rh3 55. Rd1+ Ke6 56. Bd7+ Ke5 57. Kc6 Rc3+ 58. Kb7 f4 59. b5 f3 60. Kxa7 e3 61. Bg4 e2 62. Rb1 Kf4 63. Bxf3 Rxf3 64. b6 Rh3 65. b7 Rxh7 66. Ka8 Be5 67. a5 Rh8+ 68. Ka7 Kf3 0-1